000 00245nam a2200097Ia 4500
008 231212s1974 xx 000 0 und d
041 _aeng
100 _aMileaf Harry
245 _aBasic Electronics Vol 6
260 _aNew Delhi
_bD.B.Tarapur
_c1974
999 _c960733
_d960733